Managing distribution and change : (Record no. 18047)
[ view plain ]
| 000 -LEADER | |
|---|---|
| fixed length control field | 00879cam a22002533u 4500 |
| 001 - CONTROL NUMBER | |
| control field | 010407879 |
| 005 - DATE AND TIME OF LATEST TRANSACTION | |
| control field | 20140302115057.0 |
| 008 - FIXED-LENGTH DATA ELEMENTS--GENERAL INFORMATION | |
| fixed length control field | 040420t1989 xxkadk grb 001 0 eng d |
| 020 ## - INTERNATIONAL STANDARD BOOK NUMBER | |
| International Standard Book Number | 0471922595 |
| 020 ## - INTERNATIONAL STANDARD BOOK NUMBER | |
| International Standard Book Number | 0471922609 (pbk) |
| 020 ## - INTERNATIONAL STANDARD BOOK NUMBER | |
| International Standard Book Number | 9780471922605 |
| 040 ## - CATALOGING SOURCE | |
| Original cataloging agency | Uk |
| Transcribing agency | Uk |
| 082 04 - DEWEY DECIMAL CLASSIFICATION NUMBER | |
| Edition number | 22 |
| Classification number | 658.788 |
| Item number | WES |
| 100 1# - MAIN ENTRY--PERSONAL NAME | |
| Personal name | West, Alan |
| 9 (RLIN) | 35118 |
| 245 00 - TITLE STATEMENT | |
| Title | Managing distribution and change : |
| Remainder of title | the total distribution concept / |
| Statement of responsibility, etc | Alan West. |
| 260 ## - PUBLICATION, DISTRIBUTION, ETC. (IMPRINT) | |
| Place of publication, distribution, etc | Chichester, United Kingdom : |
| Name of publisher, distributor, etc | John Wiley & Sons, |
| Date of publication, distribution, etc | c.1989 |
| Place of manufacture | (Tiptree, United Kingdom : |
| Manufacturer | Courier International Ltd.) |
| 300 ## - PHYSICAL DESCRIPTION | |
| Extent | xii, 265 p. : |
| Other physical details | chart, forms, tables ; |
| Dimensions | 23 cm. |
| 500 ## - GENERAL NOTE | |
| General note | Index : p. 260-265. |
| 504 ## - BIBLIOGRAPHY, ETC. NOTE | |
| Bibliography, etc | Bibliography : p. 258-259. |
| 650 #0 - SUBJECT ADDED ENTRY--TOPICAL TERM | |
| 9 (RLIN) | 31013 |
| Topical term or geographic name as entry element | Physical distribution of goods |
| General subdivision | Management |
| 653 ## - INDEX TERM--UNCONTROLLED | |
| Resource For college | BAEPS, Business Administration |
| Arrived date list | February2014 |
| 655 ## - INDEX TERM--GENRE/FORM | |
| Form subdivision | |
| -- | 34232 |
| 942 ## - ADDED ENTRY ELEMENTS (KOHA) | |
| Source of classification or shelving scheme | Dewey Decimal Classification |
| Call number prefix | 658.788 WES |
| Withdrawn status | Item status | Source of classification or shelving scheme | Damaged status | Not for loan | Vendor | Home library | Current library | Shelving location | Date acquired | Source of acquisition | Total Checkouts | Full call number | Barcode | Date last seen | Date last borrowed | Koha item type |
|---|---|---|---|---|---|---|---|---|---|---|---|---|---|---|---|---|
| Dewey Decimal Classification | Donation-Gift | Central Library | Central Library | First floor | 06/02/2014 | Donation | 1 | 658.788 WES | 000035601 | 15/07/2025 | 15/03/2017 | Book - Borrowing |